000 01232nam a2200265 a 4500
001 000027224
005 20240313182403.0
008 110330s1926 dr c 000 0bspa d
040 _aDO-SdBNP
_bspa
_cBNPHU
082 _a923.9
_bC719T, 1926
100 1 _aTejera, Emiliano,
_d1841-1923
_924003
245 1 4 _aLos restos de Colón en Santo Domingo ;
_bLos dos restos de Cristóbal Colón /
_cEmiliano Tejera ; preparada C. Armando Rodríguez por encargo de la Junta Nacional Colombina ; prólogo Federico Henríquez y Carvajal.
250 _a2a. ed.
260 _aSanto Domingo :
_bImprenta J. R. Vda García,
_c1926.
300 _a273 p. :
_bfacsím., retr. ;
_c26 cm.
500 _aIncluye índice analítico e índice de materias.
502 _aPublicado con: Los dos restos de Cristóbal Colón.
563 _aDos obras publicadas juntas con paginación continua.
600 0 _aCOLÓN, CRISTOBAL,
_d1436-1456
_919795
650 4 _aRepública dominicana
_xHistoria
_9416
700 1 2 _aTejera, D. Emilio,
_d1841-1923
_tLos dos restos de Cristóbal Colón
_946472
700 1 2 _aHenríquez i Carvajal, Federico,
_d1848-1952
_epról.
_97792
700 1 _aRodríguez, C. Armando
_926133
910 _aValidado. Control de calidad MMOLINA
999 _c26716
_d26716